Hanušovské noviny

Bibliographic Details
Format: Journal
Language:Slovak
PhysicalDescription:12 zv. 30 cm
Published: Hanušovce nad Topľou Mestský úrad 2003-2022
ISSN:1339-567X
Subjects:
Online Access:http://www.hanusovce.sk/mesto/hanusovske-noviny/

MARC

LEADER 00000cas a2200000 a 4500
001 vtls008183549
003 SK-MaSNL
005 20260228163515.0
008 050711d20032022xo fr p 0 b0slo
022 |a 1339-567X 
040 |a SNK  |b slo  |c SNK  |e AACR2 
041 |a slo 
043 |a e-xo--- 
044 |a xo  |c SK 
072 7 |a 352/354  |x Stupne miestnej, oblastnej a ústrednej správy  |2 konspekt 
072 7 |a 394  |x Verejný a spoločenský život. Každodenný život  |2 konspekt 
072 7 |a 316.7  |x Sociológia kultúry. Kultúrny život  |2 konspekt 
080 |a 353.9  |2 2011 
080 |a 316.728  |2 2011 
080 |a 050  |2 2011 
080 |a (051)+(054)  |2 2011 
080 |a 394  |2 2011 
210 0 |a Hanušovské nov. 
222 0 |a Hanušovské noviny 
245 0 0 |a Hanušovské noviny 
260 |a Hanušovce nad Topľou  |b Mestský úrad  |c 2003-2022 
300 |a 12 zv.  |c 30 cm 
310 |a 2x ročne  |b 2003, 2013- 
321 |a 4x ročne  |b 2004-2005, 2008 
321 |a 5x ročne  |b 2006-2007 
362 0 |a Roč. 1, č. 0 (apr. 2003)-roč. 6, č. 4 (dec. 2008) ; roč. 9, č. 1-2 (2011) ; roč. 15, č. 1 (2017)- roč. 20, č. 2 (júl 2022) 
500 |a Od č. dec. 2013 do r. 2016 vychádza len online na internetovej stránke 
500 |a Evidenčné č.: EV 4320/11 
650 0 7 |a územná samospráva  |2 SNKPH  |9 802 
650 0 7 |a každodenný život  |2 SNKPH  |9 4946 
650 0 7 |a spoločenský život  |2 SNKPH  |9 28654 
651 7 |a Hanušovce nad Topľou (Slovensko)  |2 SNKPHgeo  |9 26948 
655 7 |a miestne periodiká  |2 SNKPH  |9 160938 
856 4 1 |u http://www.hanusovce.sk/mesto/hanusovske-noviny/ 
910 |a snk 
999 |c 9683  |d 11613 
952 |0 0  |1 0  |4 0  |7 0  |8 0  |a SNK  |b SNK  |d 2024-06-20  |i snk2024/9696  |l 0  |o snkČSB 5621/20/2022  |p 17A1523535  |r 2026-02-21 19:57:44  |t č. 1-2  |w 2026-02-21  |y PREZ 
952 |0 0  |1 0  |4 0  |7 0  |8 0  |a SNK  |b SNK  |d 2022-04-27  |i snk2022/6286  |l 0  |o snkČSB 5621/15/2017  |p 17A1462933  |r 2026-02-21 20:02:10  |t č. 1-2  |w 2026-02-21  |y PREZ 
952 |0 0  |1 0  |4 0  |7 0  |8 0  |a SNK  |b SNK  |d 2022-04-27  |i snk2022/6287  |l 0  |o snkČSB 5621/16/2018  |p 17A1462934  |r 2026-02-21 20:02:10  |t č. 1-4  |w 2026-02-21  |y PREZ 
952 |0 0  |1 0  |4 0  |7 0  |8 0  |a SNK  |b SNK  |d 2022-04-27  |i snk2022/6288  |l 0  |o snkČSB 5621/17/2019  |p 17A1462935  |r 2026-02-21 20:02:10  |t č. 1-3  |w 2026-02-21  |y PREZ 
952 |0 0  |1 0  |4 0  |7 0  |8 0  |a SNK  |b SNK  |d 2022-04-27  |i snk2022/6290  |l 0  |o snkČSB 5621/18/2020  |p 17A1462936  |r 2026-02-21 20:02:10  |t č. 1-3  |w 2026-02-21  |y PREZ 
952 |0 0  |1 0  |4 0  |7 0  |8 0  |a SNK  |b SNK  |d 2022-04-27  |i snk2022/6291  |l 0  |o snkČSB 5621/19/2021  |p 17A1462937  |r 2026-02-21 20:02:10  |t č. 1-4, neúplné  |w 2026-02-21  |y PREZ  |z Chýba č. 4 
952 |0 0  |1 0  |4 0  |7 0  |8 0  |a SNK  |b SNK  |d 2008-06-11  |i snk2008/12316  |l 0  |o snkČSB 5621/2/2004  |p 17A0574276  |r 2026-02-21 21:22:59  |t č. 1-4  |w 2026-02-21  |y PREZ 
952 |0 0  |1 0  |4 0  |7 0  |8 0  |a SNK  |b SNK  |d 2008-06-11  |i snk2008/12317  |l 0  |o snkČSB 5621/2/2004 D1  |p 17A0574277  |r 2026-02-21 21:22:59  |t č. 1-4  |w 2026-02-21  |y PREZ 
952 |0 0  |1 0  |4 0  |7 0  |8 0  |a SNK  |b SNK  |d 2016-07-08  |i snk2016/16989  |l 0  |o snkČSB 5621/1/2003  |p 17A1100765  |r 2026-02-21 21:47:30  |t č. 0-2  |w 2026-02-21  |y PREZ 
952 |0 0  |1 0  |4 0  |7 0  |8 0  |a SNK  |b SNK  |d 2016-07-08  |i snk2016/16990  |l 0  |o snkČSB 5621/3/2005  |p 17A1100772  |r 2026-02-21 21:47:30  |t č. 1-4  |w 2026-02-21  |y PREZ 
952 |0 0  |1 0  |4 0  |7 0  |8 0  |a SNK  |b SNK  |d 2016-07-08  |i snk2016/16992  |l 0  |o snkČSB 5621/4/2006  |p 17A1100773  |r 2026-02-21 21:47:30  |t č. 1-5  |w 2026-02-21  |y PREZ 
952 |0 0  |1 0  |4 0  |7 0  |8 0  |a SNK  |b SNK  |d 2016-07-08  |i snk2016/16993  |l 0  |o snkČSB 5621/5/2007  |p 17A1100774  |r 2026-02-21 21:47:30  |t č. 1-5  |w 2026-02-21  |y PREZ 
952 |0 0  |1 0  |4 0  |7 0  |8 0  |a SNK  |b SNK  |d 2016-07-08  |i snk2016/16998  |l 0  |o snkČSB 5621/6/2008  |p 17A1100775  |r 2026-02-21 21:47:30  |t č. 1-4  |w 2026-02-21  |y PREZ 
952 |0 0  |1 0  |4 0  |7 0  |8 0  |a SNK  |b SNK  |d 2016-07-11  |i snk2016/17023  |l 0  |o snkČSB 5621/11/2013  |p 17A1100776  |r 2026-02-21 21:47:35  |t č. 1  |w 2026-02-21  |y PREZ